| 000 | 00925nam a2200265 a 4500 | ||
|---|---|---|---|
| 001 | 000035121 | ||
| 005 | 20240509200459.0 | ||
| 008 | 111025s1949 sp 000 0 spa d | ||
| 040 |
_aDO-SdBNP _bspa _cBNPHU |
||
| 082 |
_a160 _bG774L, 1949 |
||
| 100 | 1 |
_aGrau, Kurt Joachim _d1891- _960798 |
|
| 240 | 1 | 0 |
_aGrundriss der Logik _lespañol |
| 245 | 1 | 0 |
_aLógica / _cKurt Joachim Grau; traducción de Domingo Miral. |
| 250 | _a3ª ed. reimp. | ||
| 260 |
_aBarcelona : _bLabor, _c1949. |
||
| 490 | 1 |
_aLabor ; _v175 |
|
| 500 | _aLa biblioteca posee la reimpresión de la 3ª edición del 1937 | ||
| 500 | _aIncluye índice alfabético de autores | ||
| 505 | 0 | _aBibliografía: p. 183-186 | |
| 590 | _aPerteneció a la biblioteca personal de Juan Isidro Jimenes Grullón. | ||
| 650 | 0 |
_aLógica _9332 |
|
| 700 | 1 | 2 |
_aMiral, Domingo, _etrad. _960799 |
| 830 | 0 |
_aLabor, _n175 _960800 |
|
| 910 | _aValidado. Control de calidad MFF | ||
| 999 |
_c34612 _d34612 |
||